Poisťovne čelia ďalšiemu pokusu o oklieštenie plurality v zdravotnom poistení

Združenie zdravotných poisťovní vyslovilo protest proti zámeru štátu zvýšiť odvody na spoločný účet, z ktorého sa peniaze prerozdeľujú medzi poisťovne podľa skladby poistencov. Min. zdrav. SR tým sleduje likvidáciu zadlženosti nemocníc a lekární v SR. Dôsledkom bude znevýhodnenie zdravotných poisťov...

Full description

Saved in:
Bibliographic Details
Main Author: Velecký, M.
Format: Book Chapter
Language:Slovak
Subjects:
Tags: Add Tag
No Tags, Be the first to tag this record!

MARC

LEADER 00000naa a2200000 4500
001 r019217
005 20221205103046.1
041 0 |a slo 
044 |a SK 
245 1 0 |a Poisťovne čelia ďalšiemu pokusu o oklieštenie plurality v zdravotnom poistení  |c M. Velecký 
520 |a Združenie zdravotných poisťovní vyslovilo protest proti zámeru štátu zvýšiť odvody na spoločný účet, z ktorého sa peniaze prerozdeľujú medzi poisťovne podľa skladby poistencov. Min. zdrav. SR tým sleduje likvidáciu zadlženosti nemocníc a lekární v SR. Dôsledkom bude znevýhodnenie zdravotných poisťovní voči najväčšej - Všeobecnej zdravotnej poisťovni. 
610 2 0 |a poisťovne zdravotné 
610 2 0 |a poistenie zdravotné 
610 2 0 |a odvody do rozpočtu štátneho 
610 2 0 |a Slovensko 
100 1 |a Velecký, M.